Chronic poverty in India: overview of key emerging issues (Record no. 502440)

000 -LEADER
fixed length control field 00464cam a22001337a 4500
008 - FIXED-LENGTH DATA ELEMENTS--GENERAL INFORMATION
fixed length control field 180718b2004 xxu||||| |||| 00| 0 eng d
082 ## - DEWEY DECIMAL CLASSIFICATION NUMBER
Classification number Q31x54 In2/24
100 ## - MAIN ENTRY--PERSONAL NAME
Personal name Mehta, Aasha Kapur
245 ## - TITLE STATEMENT
Title Chronic poverty in India: overview of key emerging issues
Statement of responsibility, etc. by Aasha Kapur Mehta and Andrew Shepherd
260 ## - PUBLICATION, DISTRIBUTION, ETC.
Place of publication, distribution, etc. New Delhi
Name of publisher, distributor, etc. Indian Institute of Public Administration
Date of publication, distribution, etc. 2004
300 ## - PHYSICAL DESCRIPTION
Extent 45p.
440 ## - SERIES STATEMENT/ADDED ENTRY--TITLE
Title CPRC-IIPA working paper.; 24
700 ## - ADDED ENTRY--PERSONAL NAME
Personal name Shepherd, Andres
Holdings
Withdrawn status Lost status Damaged status Not for loan Permanent Location Current Location Date acquired Full call number Barcode Date last seen Price effective from Koha item type
        Indian Institute of Public Administration Indian Institute of Public Administration 2018-08-04 Q31x54 In2/24 GR18684 2018-08-04 2018-08-04 GR

Powered by Koha